| 000 | 00997nam a2200229 a 4500 | ||
|---|---|---|---|
| 001 | 79040 | ||
| 003 | BD-RjUL | ||
| 005 | 20211220163935.0 | ||
| 008 | 211220s2020 bg ||||| |||| 00| 0 ben d | ||
| 020 |
_a9789849281702 _c: Tk. 500.00 |
||
| 035 | _a(BD-RjUL)79040 | ||
| 040 |
_aBD-RjUL _beng _cBD-RjUL |
||
| 041 | _aben | ||
| 082 |
_223 _a954.9205092 _bASA 2020 |
||
| 245 |
_aঅসাম্প্রদায়িক চেতনা ও জাতি গঠনে বঙ্গবন্ধু / _cজি এম তারিকুল ইসলাম সম্পাদিত |
||
| 260 |
_aঢাকা : _bগ্রন্থাকুটির, _c২০২০ |
||
| 300 |
_a১৫৯ পৃ.: _bচিত্রসমূহ ; _c২৪ সেমি. |
||
| 600 |
_aমুজিবুর রহমান, _cশেখ, _d১৯২০-১৯৭৫ _9166 |
||
| 600 |
_aMujibur Rahman, _cSheikh, _d1920-1975 _9167 |
||
| 700 |
_aইসলাম, জি এম তারিকুল _9278 |
||
| 942 |
_2ddc _cBK |
||
| 999 |
_c79040 _d79040 |
||